| 000 | 00540nam a2200169 i 4500 | ||
|---|---|---|---|
| 001 | 78953 | ||
| 003 | ES-MaACL | ||
| 005 | 20230906173849.0 | ||
| 007 | t| | ||
| 008 | 041018s1970 sp ||||1| spa d | ||
| 100 | 1 |
_aHeller, H. Robert. _962440 |
|
| 245 | 1 | 0 |
_aComercio internacional _b: teoría y evidencia empírica / _cH. Robert Heller ; [traducción por Ana Sánchez Trujillo]. |
| 260 |
_aMadrid : _bTecnos, _c[1970] |
||
| 300 |
_a203 p. ; _c23 cm. |
||
| 700 | 1 |
_aSánchez Trujillo, Ana. _9102964 |
|
| 852 |
_aES-MaACL _jC-44477 _bR.73821 |
||
| 999 |
_c78953 _d78953 |
||